| 000 | 00501nam a22001817a 4500 | ||
|---|---|---|---|
| 003 | CEME | ||
| 005 | 20210628204116.0 | ||
| 008 | 210125b xxu||||| |||| 00| 0 eng d | ||
| 020 | _a1-58053-282-9 | ||
| 040 | _cceme | ||
| 082 | _a621.38412 CRI | ||
| 100 |
_aCripps, Steve C _961444 |
||
| 245 | _aAdvanced techniques in rf power amplifier design | ||
| 260 |
_aBOSTON _bARTECH HOUSE _c2002 |
||
| 300 | _aXV,320P | ||
| 650 |
_aPOWER AMPLIFIERS, AMPLIFIERS- RADIO FREQUENCY _968779 |
||
| 942 |
_cBK _2ddc |
||
| 999 |
_c576248 _d576248 |
||